000 01307nam a2200229Ia 4500
001 15776
003 GE_BSU
008 181216s||||||||xx |||||||||||||| ||und||
040 _cGE_BSU
080 _a821.353.1 + 316 + 34
100 _aჭავჭავაძე, ი. (ილია, 1837-1907)
245 _aნაწერების სრული კრებული : 9 ტომად. ტ. 8. ცხოვრება და კანონი
245 _bცხოვრება და კანონი. ქართული წიგნი
245 _cშედარებული პირველ წყაროებთან და შევს. ახალი ტექსტებით პავლე ინგოროყვას და ალ. აბაშელის რედაქციით.ბოლოსიტყვაობის ავტ.: პავლე ინგოროყვა
260 _aტფილისი
260 _c1928
300 _a371 გვ.19 სმ
653 _aნაწერების სრული კრებული
653 _aსაზოგადოებრივი აზრის ისტორია; კანონი;
653 _aცხოვრება და კანონი
942 _cBK
999 _c48874
_d48874